Social change (Record no. 57661)

MARC details
000 -LEADER
fixed length control field 00596nam a2200169 a 4500
008 - FIXED-LENGTH DATA ELEMENTS--GENERAL INFORMATION
fixed length control field 120416s1973 ||||||||||||||||| || u
050 ## - LIBRARY OF CONGRESS CALL NUMBER
Classification number HM 101 Soc
100 ## - MAIN ENTRY--PERSONAL NAME
Personal name Etzioni-Halevy, Eva
245 10 - TITLE STATEMENT
Title Social change
Statement of responsibility, etc. edited by Eva Etzioni-Halevy
246 ## - VARYING FORM OF TITLE
Title proper/short title sources, patterns, and consequences
250 ## - EDITION STATEMENT
Edition statement 2nd ed.
260 ## - PUBLICATION, DISTRIBUTION, ETC.
Place of publication, distribution, etc. New York
Name of publisher, distributor, etc. Basic Books
Date of publication, distribution, etc. 1973
300 ## - PHYSICAL DESCRIPTION
Extent xii, 559p. : ill.
350 ## - PRICE (NR) (BK AM CF MU VM SE) [OBSOLETE]
Price 0.00
700 ## - ADDED ENTRY--PERSONAL NAME
Personal name Etzioni, Amitai
995 ## - RECOMMENDATION 995 [LOCAL, UNIMARC FRANCE]
-- 0.00
-- CBU-MAIN LIBRARY (Kitwe)
-- 1
-- 0.00
-- AVAILABLE
-- Main Library Open Access Collection
Holdings
Withdrawn status Lost status Source of classification or shelving scheme Damaged status Not for loan Home library Current library Shelving location Date acquired Total Checkouts Full call number Barcode Date last seen Price effective from Koha item type
          CBU-MAIN LIBRARY, KITWE. CBU-MAIN LIBRARY, KITWE.   11/30/2022   HM 101 Soc 705770 11/30/2022 11/30/2022 MONOGRAPH